000 00669nam a2200229Ia 4500
003 OSt
005 20220928103238.0
006 a|||||r|||| 00| 0
007 ta
008 220927b |||||||| |||| 00| 0 eng d
024 _a38894
037 _cTextual
040 _aSDCL
_cSDCL
_beng
041 _2eng
_aeng
082 _aX61.73'N7, L4
100 _aOrganisation For Economic Co-Operation and Development
245 0 _aMonetary policy in the United States.
260 _aParis
_bOECD
_c1974
300 _a206p
_ccm.
942 _hX61.73'N7, L4
_cTEXL
_2CC
999 _c718874
_d718874